LEADER 01193nam a2200205 i 4500 001 000000017162 003 CaOOAMICUS 005 20180830125443.0 008 180830s1989 it u000 u ita u 040 $aSeMil$bita 100 1 $aRavasi, Gianfranco,$c.$0(OLS)http://semarc/name/244 245 13$aIl Vangelo di Giovanni :$bCiclo di conferenze tenute al Centro culturale S. Fedele di Milano /$cGian Franco Ravasi. 260 $aBologna :$bEDB,$cristampa 2002-2004- 300 $a2 v. ;$c19 cm. 650 4$aBibbia. Nuovo Testamento. Vangelo secondo Giovanni - Commentari, studi, critica, interpretazioni.$0(OLS)http://semarc/subject/119 773 0 $tConversazioni bibliche.$dBologna : EDB, [198.]$w()16374 774 0 $aRavasi, Gianfranco $t1.$dBologna : EDB, ristampa 2002.$kConversazioni bibliche$z88-10-70909-8$g1$w()158093 774 0 $aRavasi, Gianfranco $t2.$dBologna : EDB, ristampa 2004.$kConversazioni bibliche$z88-10-70910-1$g2$w()158095 996 $6245$aIl Vangelo di Giovanni :$bCiclo di conferenze tenute al Centro culturale S. Fedele di Milano$9(OLS)http://semarc/title/22695 996 $6260$aBologna :$bEDB$9(OLS)http://semarc/publisher/29669 LEADER 01217nam a2200229 i 4500 001 000000246749 003 CaOOAMICUS 005 20151124000000.0 008 151124s1895 it u000 u ita u 013 $a225654 040 $aSeMil$bita 100 1 $aBiraghi, Luigi,$c.$0(OLS)http://semarc/name/4214 245 10$aSacro monumento marmoreo del secolo 11., esistente nel borgo di Vimercate, Diocesi milanese, messo in Luce nel 1844 /$cmesso in luce dal sacerdote Luigi Biraghi. 260 $aMilano :$bTipografia del Patronato,$c1895. 300 $a12 p. ;$c21 cm. 500 $aMemoria estratta dal giornale religioso L'amico cattolico ristampata in occasione del 13. Congresso eucaristico tenutosi in Milano nel 1895. 650 4$aVimercate - Arte - Storia.$0(OLS)http://semarc/subject/16620 773 0 $t[L. Biraghi.$w()32840 850 $aSeMil 852 $aSeMil$W1$xVenegono$y1$m3J VII 1/8 FA$j197095$B197095$CSeMilBibl$Z2$F208090 $8I 996 $6245$aSacro monumento marmoreo del secolo 11., esistente nel borgo di Vimercate, Diocesi milanese, messo in Luce nel 1844$9(OLS)http://semarc/title/137023 996 $6260$aMilano :$bTipografia del Patronato$9(OLS)http://semarc/publisher/44020